000 00586nam a2200205Ii 4500
003 JO-AjNU
008 230605s9999||||xx |||||||||||||| ||und||
040 _aJO-AjNU
_bara
_erda
_cJO-AjNU
041 _aara
050 1 4 _aBF128.1992
100 3 _aحمصي،انطون,
_eauthor
_918180
245 0 0 _aعلم النفس العام، ج1
250 _aط2
264 3 1 _aدمشق:جامعة دمشق ،1992
300 _aج1، 323ص
336 _atext
_btxt
_2rdacontent
337 _aunmediated
_bn
_2rdamedia
338 _avolume
_bnc
_2rdacarrier
650 4 _aعلم النفس
_918181
999 _aA5765
_c9333
_d9333